Civil engineering / (Record no. 15224)

MARC details
000 -LEADER
fixed length control field 00572nam a22002052 4500
001 - CONTROL NUMBER
control field 0000020025
005 - DATE AND TIME OF LATEST TRANSACTION
control field 20151217161159.0
008 - FIXED-LENGTH DATA ELEMENTS--GENERAL INFORMATION
fixed length control field 110526s xx 000 0 eng d
020 ## - INTERNATIONAL STANDARD BOOK NUMBER
International Standard Book Number 0140515268 :
040 ## - CATALOGING SOURCE
Original cataloging agency KABU
Transcribing agency KABU
100 1# - MAIN ENTRY--PERSONAL NAME
Personal name Blockley, David.
-- 0000180063
245 10 - TITLE STATEMENT
Title Civil engineering /
Statement of responsibility, etc. David Blockley.
250 ## - EDITION STATEMENT
Edition statement 1st ed.
260 ## - PUBLICATION, DISTRIBUTION, ETC. (IMPRINT)
Place of publication, distribution, etc. London :
Name of publisher, distributor, etc. Penguin,
Date of publication, distribution, etc. 2005.
300 ## - PHYSICAL DESCRIPTION
Extent xxiv, 533 p.
650 #0 - SUBJECT ADDED ENTRY--TOPICAL TERM
Topical term or geographic name as entry element Civil engineering
General subdivision Dictionaries.
-- 0000180064
908 ## - PUT COMMAND PARAMETER (RLIN)
Put command parameter 110526
950 ## - LOCAL HOLDINGS (RLIN)
-- 1
Holdings
Withdrawn status Lost status Source of classification or shelving scheme Not for loan Home library Current library Date acquired Total Checkouts Full call number Barcode Date last seen Price effective from Koha item type
    Library of Congress Classification Not For Loan Kabarak, Main Campus Kabarak, Main Campus 17/12/2015   TA9 .B56 2005 c.1 21863 17/12/2015 17/12/2015 Reference
Designed with assistance from East African Informatics Ltd